Business Ethics: Policies and Pearsons (Record no. 3757)
[ view plain ]
| 005 - DATE AND TIME OF LATEST TRANSACTION | |
|---|---|
| control field | 20250611125600.0 |
| 020 ## - INTERNATIONAL STANDARD BOOK NUMBER | |
| International Standard Book Number | 978-0-07-299690-6 |
| 100 ## - MAIN ENTRY--PERSONAL NAME | |
| Author name | GOODPASTER, K. E |
| 245 ## - TITLE STATEMENT | |
| Title | Business Ethics: Policies and Pearsons |
| 250 ## - EDITION STATEMENT | |
| Edition statement | 4th Ed |
| 260 ## - PUBLICATION, DISTRIBUTION, ETC. | |
| Place of publication, distribution, etc. | New York |
| Name of publisher, distributor, etc. | Mcgraw-hill Irwin |
| Date of publication, distribution, etc. | 1998 |
| 300 ## - PHYSICAL DESCRIPTION | |
| Extent | xiii, 629p.: ill; Figure,Graph, table |
| Other physical details | Bibliograph and Index |
| Dimensions | 25cm |
| 700 ## - ADDED ENTRY--PERSONAL NAME | |
| Other authors/Editors | NASH, L |
| 942 ## - ADDED ENTRY ELEMENTS (KOHA) | |
| Source of classification or shelving scheme | Dewey Decimal Classification |
| Koha item type | Books |
| Date last seen | Total checkouts | Full call number | Barcode | Cost, replacement price | Price effective from | Koha item type | Lost status | Source of classification or shelving scheme | Damaged status | Not for loan | Withdrawn status | Home library | Current library | Date acquired | Source of acquisition | Cost, normal purchase price |
|---|---|---|---|---|---|---|---|---|---|---|---|---|---|---|---|---|
| 06/11/2025 | 174.4 GOO | MBY00057 | 112000.00 | 06/11/2025 | Books | Dewey Decimal Classification | CBE MBEYA | CBE MBEYA | 05/26/2011 | Purchase | 40000.00 |
